Govt. of
Madhya Pradesh

सामान्‍य अध्‍ययन पूर्वावलोकन आथिक एवं सामाजिक विकास - 2023 (Record no. 66496)

MARC details
000 -LEADER
fixed length control field 00448nam a22001097a 4500
082 ## - DEWEY DECIMAL CLASSIFICATION NUMBER
Classification number 330
100 ## - MAIN ENTRY--AUTHOR NAME
Personal name घटना चक्र
245 ## - TITLE STATEMENT
Title सामान्‍य अध्‍ययन पूर्वावलोकन आथिक एवं सामाजिक विकास - 2023
260 ## - PUBLICATION, DISTRIBUTION, ETC. (IMPRINT)
Place of publication इलाहाबाद
Name of publisher घटना चक्र
Year of publication 2023
650 ## - SUBJECT ADDED ENTRY--TOPICAL TERM
Topical Term अर्थशास्‍त्र
942 ## - ADDED ENTRY ELEMENTS (KOHA)
Koha item type Competitive Books
Holdings
Withdrawn status Lost status Damaged status Not for loan Home library Current library Date acquired Cost, normal purchase price Full call number Accession Number Price effective from Koha item type
        MACL MACL 28/12/2023 465.00 330 DPI001820 28/12/2023 Competitive Books
        MACL MACL 28/12/2023 465.00 330 DPI001819 28/12/2023 Competitive Books